| 000 | 00931nam a2200265 a 4500 | ||
|---|---|---|---|
| 999 |
_c20159 _d20159 |
||
| 005 | 20191224042347.0 | ||
| 008 | 180420s2014 pe ad|||r|||| 00| 0 spa d | ||
| 040 |
_aCO-BoIAVH _cCO-BoIAVH |
||
| 041 | 0 | _aspa | |
| 044 | _ape | ||
| 082 | 0 | 4 |
_a304.250723 _bA39p |
| 110 | 2 | _aAlianza del pacífico | |
| 245 | 1 | 0 | _aOportunidades de colaboración en investigación sobre cambio climático en los países de la Alianza del Pacífico / |
| 250 | _aPrimera edición | ||
| 260 |
_aPerú : _bAlianza del Pacífico, _c2014. |
||
| 300 |
_a88 páginas : _bilustraciones a color y tablas ; | _c21 x 14 cm. |
||
| 650 | 2 | 6 |
_aCambio climático _vInvestigaciones |
| 650 | 2 | 6 |
_aCambio climático _xPolíticas |
| 650 | 2 | 6 |
_aCambio climático _xmitigación del cambio climático |
| 651 | 0 | _aChile | |
| 651 | 0 | _aPerú | |
| 651 | 0 | _aColombia | |
| 651 | 0 | _aMéxico | |
| 942 |
_2ddc _cLIBRO |
||